000 00905nam a2200205 i 4500
001 164762
003 ES-MaACL
005 20250820094844.0
008 010605s1845 sp |||| | spa d
100 1 _aSantos Navarro, S.
_9132450
245 1 0 _aReseña del Instituto de los Jesuitas /
_csegún lo ha entendido D. S.S.N. en los ocho años que ha vivido con ellos.
260 _aMadrid :
_b[s.n.],
_c1845 (
_fImp. de D. José de Rebolledo y Compañía)
300 _a30 p. ;
_c18 cm.
530 _aDisponible en formato digital.
594 _aNombre del autor tomado de final del texto.
610 2 4 _aJesuitas
_95348
852 4 _aES-MaACL
_jT-8-F-4
_z- Enc. hol., falto de cub. original
_z- Enc. en un vol. facticio
856 4 _uhttp://ciconia.gobex.es/biblioteca/es/consulta/registro.cmd?id=4325
_zBiblioteca Digital del Patrimonio Cultural de Extremadura
999 _c164762
_d164762